| 000 | 00765nam a2200193 i 4500 | ||
|---|---|---|---|
| 001 | 40268 | ||
| 003 | ES-MaACL | ||
| 005 | 20230906160158.0 | ||
| 007 | t| | ||
| 008 | 030305s1872 ddr ||||1| ger d | ||
| 100 | 1 |
_aCarriere, Moriz. _935744 |
|
| 245 | 1 | 4 |
_aDas europäische Mittelalter in Dichtung, Kunst und Wissenschaft _b: ein Beitrag zur Geschichte des menschlichen Geistes / _cvon Moriz Carriere. |
| 260 |
_aLeipzig : _bBrockhaus, _c1872. |
||
| 300 |
_aXIII, 544 p. ; _c23 cm. |
||
| 490 | 1 |
_aDie Kunst im Zusammenhang der Culturentwickelung und die Ideale der Menschheit ; _v3 |
|
| 830 | 0 |
_aDie Kunst im Zusammenhang der Culturentwickelung und die Ideale der Menschheit ; _v3 _9181846 |
|
| 852 |
_aES-MaACL _jZ-206 _xOlim: G-2602 |
||
| 999 |
_c40268 _d40268 |
||